| 000 | 01764cam a2200469 a 4500 | ||
|---|---|---|---|
| 001 | 15580463 | ||
| 003 | OSt | ||
| 005 | 20140310184456.0 | ||
| 008 | 090109s2010 nyua j 001 0beng | ||
| 010 | _a 2009000358 | ||
| 020 | _a9780531237021 (lib. bdg.) | ||
| 020 | _a0531237028 (lib. bdg.) | ||
| 035 | _a(OCoLC)ocn298325734 | ||
| 040 |
_aDLC _cDLC _dIG# _dDLC |
||
| 042 | _alcac | ||
| 043 | _ae-gx--- | ||
| 050 | 0 | 0 |
_aQC 774.M4 _b.V46 2010 |
| 100 | 1 |
_aVenezia, Mike. _924604 |
|
| 245 | 1 | 0 |
_aLise Meitner : _bhad the right vision about nuclear fission / _cMike Venezia. |
| 260 |
_aNew York : _bChildren's Press, _c2010. |
||
| 300 |
_a32 p. : _bill. (chiefly col.) ; _c25 cm. |
||
| 490 | 1 | _aGetting to know the world's greatest inventors & scientists | |
| 500 | _aIncludes index. | ||
| 521 | _aG8 | ||
| 526 | _c920 | ||
| 541 | _j1 | ||
| 541 | _j2 | ||
| 562 | _e1 | ||
| 600 | 1 | 0 |
_aMeitner, Lise, _d1878-1968 _vJuvenile literature. _928378 |
| 600 | 1 | 1 |
_aMeitner, Lise, _d1878-1968. _928379 |
| 650 | 0 |
_aPhysicists _zGermany _vBiography _vJuvenile literature. _928380 |
|
| 650 | 0 |
_aWomen physicists _zGermany _vBiography _vJuvenile literature. _928381 |
|
| 650 | 0 |
_aNuclear fission _vJuvenile literature. _928382 |
|
| 650 | 1 |
_aPhysicists _zGermany _vBiography. _928383 |
|
| 650 | 1 |
_aWomen physicists _zGermany _vBiography. _928384 |
|
| 650 | 1 |
_aNuclear fission _vJuvenile literature. _928385 |
|
| 800 | 1 |
_aVenezia, Mike. _tGetting to know the world's greatest inventors & scientists. _928386 |
|
| 906 |
_a7 _bcbc _corignew _d1 _eecip _f20 _gy-gencatlg |
||
| 942 |
_2lcc _cBK-SCHOLAS |
||
| 999 |
_c34661 _d34661 |
||